Clubes de Futebol de Lisboa - Statistics

Estatísticas Gerais
  • Esse quiz foi jogado 2 416 vezes
    1 831 desde o último reset
  • A pontuação média é 3 de 6
Estatísticas das Respostas
Divisão Clube % Correto
Primeira Liga Benfica
99%
Primeira Liga Sporting
94%
Primeira Liga Casa Pia
45%
Liga Portugal 2 Belenenses
44%
Liga Portugal 2 Mafra
20%
Liga Portugal 2 Vilafranquense
14%
Nenhum quiz correspondente encontrado
Distribuição das Pontuações
Porcentagem de Pessoas com Cada Pontuação
Percentil de Números Respondidos
Sua Pontuação Histórica
Você não jogou esse quiz desde o último reset